| 000 | 00413nam a22001577a 4500 | ||
|---|---|---|---|
| 999 |
_c8633 _d8633 |
||
| 003 | OSt | ||
| 008 | 200526b ||||| |||| 00| 0 eng d | ||
| 020 | _a9788180611872 | ||
| 100 | _aK. D. Tripathi | ||
| 245 | _aEssentials of Medical Pharmacology | ||
| 250 | _a5, illustrated | ||
| 260 |
_aNew Delhi _bJaypee Brothers, Medical Publishers, _c2004 |
||
| 300 | _a1064 | ||
| 650 | _aPharmacology | ||
| 942 |
_2ddc _cBK _033 |
||